English Counties as Sorted Heterograms - Statistics

General Stats
  • This quiz has been taken 4 times
  • The average score is 21 of 48
Answer Stats
Heterogram County % Correct
ESX Essex
100%
BDEHIFORS Bedfordshire
75%
BEHIKRS Berkshire
75%
ABCDEGHIMRS Cambridgeshire
75%
CEHIRS Cheshire
75%
ACLNORW Cornwall
75%
BDEHIRSY Derbyshire
75%
DENOV Devon
75%
ENTK Kent
75%
CEHILRST Leicestershire
75%
CEHILNORS Lincolnshire
75%
FLKNOR Norfolk
75%
ABDEHLMNORTU Northumberland
75%
FLKOSU Suffolk
75%
ERSUY Surrey
75%
BILORST Bristol
50%
ABCEGHIKMNRSU Buckinghamshire
50%
ABCIMRU Cumbria
50%
DEORST Dorset
50%
AEHIMPSR Hampshire
50%
DEFHIORS Herefordshire
50%
EHIKNORSTY North Yorkshire
50%
DEFHIORSX Oxfordshire
50%
EHIOPRS Shropshire
50%
EHIKORSTUY South Yorkshire
50%
ACEHIKRSW Warwickshire
50%
EHIKORSTWY West Yorkshire
50%
EHILRSTW Wiltshire
50%
CEHIORSTW Worcestershire
50%
AESTUX East Sussex
25%
CEGHILORSTU Gloucestershire
25%
ACEGHMNRST Greater Manchester
25%
DEFHIORST Hertfordshire
25%
ACEHILNRS Lancashire
25%
AEHIMNOPRST Northamptonshire
25%
AEGHIMNORST Nottinghamshire
25%
ADLNRTU Rutland
25%
EMORST Somerset
25%
ADEFHIORST Staffordshire
25%
ESTUWX West Sussex
25%
CDFILNOTY City of London
0%
ADHMRU Durham
0%
AEHIKORSTY East Yorkshire
0%
ADEGLNORT Greater London
0%
EFHILOSTW Isle of Wight
0%
DEIMRSY Merseyside
0%
ADENRTWY Tyne and Wear
0%
ADEILMNSTW West Midlands
0%
No matching quizzes found
Score Distribution
Percent of People with Each Score
Percentile by Number Answered
Your Score History
You have not taken this quiz